000 01174nam a22003137a 4500
003 DO-SdBNP
005 20250827115252.0
007 ta
008 221110b2022 dr a|||| |||| 00| 0 spa d
020 _a9789945937039
040 _aDO-SdBNP
_bspa
_cBNPHU
082 4 _a306.097293
_bC397a 2021
_222
110 2 _aCentro Cultural Eduardo León Jimenes
_956909
245 1 0 _aAnuario 2021 :
_bnuevas formas de habitar el arte y la cultura
264 _aSantiago de los Caballeros, República Dominicana :
_bCentro León,
_c2022
300 _a139 páginas :
_bilustraciones ;
_c32 cm.
336 _atexto
_btxt
_2rdacontent
337 _asin mediación
_bn
_2rdamedia
338 _avolumen
_bnc
_2rdacarrier
500 _aTexto en español e inglés
590 _aInventariado, 2022 / DG
610 _aCentro Cultural Eduardo León Jimenes
_956909
650 4 _aArte
_zRepública Dominicana
_981690
_y2021
650 4 _aCultura
_zRepública Dominicana
_91983
_y2021
650 4 _aCentros culturales
_zRepública Dominicana
_981691
_y2021
650 4 _aArte
_xExposiciones
_zRepública Dominicana
_y2021
_988540
910 _aDG/Validado. Control de calidad MFF
942 _2ddc
_cLBS1
999 _c53099
_d53099